LEADER 02958nam 2200433 450 001 9910453422803321 005 20170816154538.0 010 $a0-19-972857-7 035 $a(CKB)2550000001204509 035 $a(StDuBDS)AH24087534 035 $a(MiAaPQ)EBC5746820 035 $a(EXLCZ)992550000001204509 100 $a20190624d2003 uy 0 101 0 $aeng 135 $aur||||||||||| 181 $ctxt$2rdacontent 182 $cc$2rdamedia 183 $acr$2rdacarrier 200 12$aA brief history of the paradox $ephilosophy and the labyrinths of the mind /$fRoy Sorensen 210 1$aOxford ;$aNew York :$cOxford University Press,$d[2003] 210 4$dİ2003 215 $a1 online resource (412 p. ) $cnumerous line drawings 311 $a0-19-517986-2 330 $aCovers the entire history of philosophy, from the Greeks, through the Middle Ages, the Enlightenment, and the twentieth century, showing how individual philosophers have each grappled with a particular paradox 330 $bCan God create a stone too heavy for him to lift? Can time have a beginning? Which came first, the chicken or the egg? Riddles, paradoxes, conundrums--for millennia the human mind has found such knotty logical problems both perplexing and irresistible. Now Roy Sorensen offers the first narrative history of paradoxes, a fascinating and eye-opening account that extends from the ancient Greeks, through the Middle Ages, the Enlightenment, and into the twentieth century. When Augustine asked what God was doing before He made the world, he was told: "Preparing hell for people who ask questions like that." A Brief History of the Paradox takes a close look at "questions like that" and the philosophers who have asked them, beginning with the folk riddles that inspired Anaximander to erect the first metaphysical system and ending with such thinkers as Lewis Carroll, Ludwig Wittgenstein, and W.V. Quine. Organized chronologically, the book is divided into twenty-four chapters, each of which pairs a philosopher with a major paradox, allowing for extended consideration and putting a human face on the strategies that have been taken toward these puzzles. Readers get to follow the minds of Zeno, Socrates, Aquinas, Ockham, Pascal, Kant, Hegel, and many other major philosophers deep inside the tangles of paradox, looking for, and sometimes finding, a way out. Filled with illuminating anecdotes and vividly written, A Brief History of the Paradox will appeal to anyone who finds trying to answer unanswerable questions a paradoxically pleasant endeavor. 606 $aParadox 606 $aParadoxes 608 $aElectronic books. 615 0$aParadox. 615 0$aParadoxes. 676 $a165 700 $aSorensen$b Roy A.$0464350 801 0$bMiAaPQ 801 1$bMiAaPQ 801 2$bMiAaPQ 906 $aBOOK 912 $a9910453422803321 996 $aA brief history of the paradox$91937987 997 $aUNINA LEADER 02671nam 2200517 450 001 9910793550303321 005 20230809232253.0 010 $a1-55844-335-5 010 $a1-55844-333-9 035 $a(CKB)4100000007925437 035 $a(MiAaPQ)EBC5212207 035 $a(EXLCZ)994100000007925437 100 $a20170411h20172017 uy| 0 101 0 $aeng 135 $aurcnu|||||||| 181 $2rdacontent 182 $2rdamedia 183 $2rdacarrier 200 10$aAfter great disasters $ean in-depth analysis of how six countries managed community recovery /$fLaurie A. Johnson and Robert B. Olshansky 210 1$aCambridge, MA :$cLincoln Institute of Land Policy,$d[2017] 210 4$dİ2017 215 $a1 online resource (389 pages) $cillustrations (some color) 311 $a1-55844-331-2 320 $aIncludes bibliographical references and index. 327 $aIntroduction: evolving approaches to managing recovery from large-scale disasters -- China : top-down, fast-paced reconstruction -- New Zealand : centralizing governance and transforming cityscapes -- Japan : national land use regulations drive recovery -- India : state-managed recovery with NGO involvement -- Indonesia : centrally managed, community-driven approaches to reconstruction -- United States : an evolving national level recovery policy -- Conclusions and recommendations -- References -- Index -- About the authors -- About Lincoln Institute of land policy. 330 $a"Considers community recovery and reconstruction following major natural disasters in six countries (China, New Zealand, India, Indonesia, Japan, United States). Identifies ways communities and governments can better organize for recovery after future disasters. Chapters discuss improving construction and design standards, renewing infrastructure, creating new land use arrangements, reinventing economies, and improving the resilience of cities and regions"--$cProvided by publisher. 606 $aCrisis management$vCase studies 606 $aNatural disasters$vCase studies 606 $aHuman settlements$vCase studies 606 $aLand use$xPlanning$vCase studies 606 $aEconomic development$vCase studies 615 0$aCrisis management 615 0$aNatural disasters 615 0$aHuman settlements 615 0$aLand use$xPlanning 615 0$aEconomic development 676 $a363.34/8 700 $aJohnson$b Laurie A.$01549414 702 $aOlshansky$b Robert B. 801 0$bMiAaPQ 801 1$bMiAaPQ 801 2$bMiAaPQ 906 $aBOOK 912 $a9910793550303321 996 $aAfter great disasters$93807446 997 $aUNINA